| 000 | 01539nam a22003497a 4500 | ||
|---|---|---|---|
| 999 |
_c328751 _d328751 |
||
| 001 | 4976676 | ||
| 003 | Nust | ||
| 005 | 20170414180859.0 | ||
| 007 | hduafb---bacp | ||
| 007 | hdubfb---baap | ||
| 008 | 970904s1909 enk a 001 0 eng | ||
| 010 | _a 97907112 | ||
| 025 | _aNBIL-10649 | ||
| 040 |
_aDLC _cDLC |
||
| 042 | _alcode | ||
| 043 | _aa-ii--- | ||
| 050 | 0 | 0 | _aMicrofilm BUL-ENG-506 (D) |
| 082 |
_a915.4 _bOAT |
||
| 100 | 1 | _aOaten, Edward Farley. | |
| 245 | 1 | 0 |
_aEuropean travellers in India _h[microform] : _bduring the fifteenth, sixteenth, and seventeenth centuries, the evidence afforded by them with respect to Indian social institutions & the nature & influence of Indian Government / _cby Edwd. [i.e. Edward] Farley Oaten. |
| 260 |
_aLondon : _bKegan Paul, Trench, Trübner and Co., _c1909. |
||
| 300 |
_axiv, 274, [1] p. ; _c18 cm. |
||
| 500 | _aIncludes index. | ||
| 533 |
_aMicrofilm. _bNew Delhi : _cLibrary of Congress Office ; _bChicago : _cAvailable from Center for Research Libraries, _d1996. _eOn 1 microfilm reel with other items ; 35 mm. _f(SAMP early 20th-century Indian books project ; item 10649) _nMaster microform held by: ICRL. |
||
| 651 | 0 |
_aIndia _xDescription and travel. |
|
| 651 | 0 |
_aIndia _xSocial conditions. |
|
| 651 | 0 |
_aIndia _xPolitics and government. |
|
| 830 | 0 |
_aSAMP early 20th-century Indian books project ; _vitem 10649. |
|
| 906 |
_a7 _bcbc _corigode _d5 _encip _f19 _gy-genmicro |
||
| 942 |
_2ddc _cBK |
||